|
|
|
|
| LEADER |
03156nam a22004093i 4500 |
| 001 |
EBC6956333 |
| 003 |
MiAaPQ |
| 005 |
20231204023223.0 |
| 006 |
m o d | |
| 007 |
cr cnu|||||||| |
| 008 |
231204s2021 xx o ||||0 ger d |
| 020 |
|
|
|a 9783839457467
|q (electronic bk.)
|
| 020 |
|
|
|z 9783837657463
|
| 035 |
|
|
|a (MiAaPQ)EBC6956333
|
| 035 |
|
|
|a (Au-PeEL)EBL6956333
|
| 035 |
|
|
|a (OCoLC)1264710089
|
| 040 |
|
|
|a MiAaPQ
|b eng
|e rda
|e pn
|c MiAaPQ
|d MiAaPQ
|
| 100 |
1 |
|
|a Langenbruch, Anna.
|
| 245 |
1 |
0 |
|a Musikgeschichte auf der Bühne - Performing Music History.
|
| 250 |
|
|
|a 1st ed.
|
| 264 |
|
1 |
|a Bielefeld :
|b transcript,
|c 2021.
|
| 264 |
|
4 |
|c {copy}2021.
|
| 300 |
|
|
|a 1 online resource (435 pages)
|
| 336 |
|
|
|a text
|b txt
|2 rdacontent
|
| 337 |
|
|
|a computer
|b c
|2 rdamedia
|
| 338 |
|
|
|a online resource
|b cr
|2 rdacarrier
|
| 490 |
1 |
|
|a Musikgeschichte auf der Bühne
|
| 505 |
0 |
|
|a Cover -- Inhalt -- Vorwort -- Musikgeschichte performativ -- Lieder denken und Klänge äußern:Zur performativen Auseinandersetzung mit Musikgeschichte -- Der »gute Geschmack der griechisierenden Dichter« -- Kunstlieder auf der Opernbühne -- Mozart! und Elvis - Musikgeschichtstheaterzwischen narrativem Musical und Reenactment -- Klang-Narrative -- Sonic Skills in the Staging of Music History -- Klänge vergangener Zeiten und musikalische Vergangenheit im Broadwaymusical -- Musikgeschichte als Dramaturgie -- Zwischen zeitlosem Kirchenstil und historischer Authentizität -- Künstler*innenbilder -- Blondel - Vom Minnesänger zum Musical-Popstar -- Genie, Revolutionär, Opernfigur -- Mozart als ›männlich verkleidete Schönheit‹ auf der japanischen Theaterbühne -- »Ich hab' noch einen Trolley in Shanghai« -- Musikgeschichten komponieren -- »τ̔̈2026;eine wirkliche Begebenheit aus dem Leben des jungen Mozart« -- »Aus meinen großen Schmerzen mach ich die kleinen Lieder« -- Spiegel im Spiegel -- Inszenierung und/als Geschichte -- Der Komponist als Bühnenfigur in Stefan Herheims Inszenierung von Tschaikowsky: Pique Dame -- »Meck! Meck! Meck!« -- Nicht hinter der Note, sondern die Note selbst -- Künstlerisch‐wissenschaftliche Projekte -- Bühnenkunst über eine Bühnenkünstlerin: »Clara Schumann« als Gesprächskonzert -- Autumn Talk and Ocean Songs -- Exilgeschichten auf der Bühne: Gedanken aus der Werkstatt -- Abbildungsverzeichnis -- Autorinnen und Autoren.
|
| 588 |
|
|
|a Description based on publisher supplied metadata and other sources.
|
| 590 |
|
|
|a Electronic reproduction. Ann Arbor, Michigan : ProQuest Ebook Central, 2023. Available via World Wide Web. Access may be limited to ProQuest Ebook Central affiliated libraries.
|
| 655 |
|
4 |
|a Electronic books.
|
| 700 |
1 |
|
|a Samaga, Daniel.
|
| 700 |
1 |
|
|a Schupp-Maurer, Clémence.
|
| 776 |
0 |
8 |
|i Print version:
|a Langenbruch, Anna
|t Musikgeschichte auf der Bühne - Performing Music History
|d Bielefeld : transcript,c2021
|z 9783837657463
|
| 797 |
2 |
|
|a ProQuest (Firm)
|
| 830 |
|
0 |
|a Musikgeschichte auf der Bühne
|
| 856 |
4 |
0 |
|u https://ebookcentral.proquest.com/lib/matrademy/detail.action?docID=6956333
|z Click to View
|